Analýza rizika podnikatelských projektů. 3.
Súčasťou prípravy podnikateľských projektov by mala byť analýza rizika. Štyri kroky analýzy rizika: určenie kritických faktorov rizika, určenie rizika podnikateľského projektu, hodnotenie rizika podnikatelského subjektu a príprava plánu korekčných opatrení a sledovanie vývoja faktorov rizika.
Gespeichert in:
| 1. Verfasser: | |
|---|---|
| Format: | Buchkapitel |
| Sprache: | Tschechisch |
| Schlagworte: | |
| Tags: |
Keine Tags, Fügen Sie das erste Tag hinzu!
|
MARC
| LEADER | 00000naa a2200000 4500 | ||
|---|---|---|---|
| 001 | r010607 | ||
| 005 | 20220831090439.6 | ||
| 041 | 0 | |a cze | |
| 044 | |a [CS] | ||
| 245 | 1 | 0 | |a Analýza rizika podnikatelských projektů. 3. |c Jiří Fotr |
| 520 | |a Súčasťou prípravy podnikateľských projektov by mala byť analýza rizika. Štyri kroky analýzy rizika: určenie kritických faktorov rizika, určenie rizika podnikateľského projektu, hodnotenie rizika podnikatelského subjektu a príprava plánu korekčných opatrení a sledovanie vývoja faktorov rizika. | ||
| 610 | 2 | 0 | |a riziko |
| 610 | 2 | 0 | |a podnikanie |
| 610 | 2 | 0 | |a projekty |
| 610 | 2 | 0 | |a risk management |
| 610 | 2 | 0 | |a analýza ekonomická |
| 100 | 1 | |a Fotr, Jiří | |